00423 2200169 4500001002100000008004100021035002000062245003000082100001600112260003200128300002700160020002200187084001400209082000800223650001000231990001200241INLIS000000000001429 Ind  a0010-0924000026 aMelody & MarscMia Arsjad aArsjad, Mia aJakartabPT. Gramediac2015 a288 hlm.c13,5 x 20 cm a978-602-03-2002-1 a813 MIA m a813 aFiksi a0750930